01744nam a2200277 a 4500008004100000020001800041050001400059100002100073245010800094250001300202260005200215300002200267350001000289650002700299650002300326650002500349700001700374700002000391995017400411995017400585995017400759995016800933995016801101995018001269999001701449150204s2013 ||||||||||||||||| || u a9780702047299 aRC 76 Mac aRobertson, Colin10aMacleod's clinical examination. (13th ed.)cEdited by Graham Douglas, Fiona Nicol [and] Colin Robertson a13th ed. aEdinburghbChurchill Livingstone/Elsevierc2013 axvii, 451p.: ill. a68.95 aMEDICAL HISTORY TAKING 0aPHYSICAL DIAGNOSIS aPHYSICAL EXAMINATION aNicol, Fiona aDouglas, Graham aMEDICAL LIBRARY OPEN ACCESSe903164FCBU-SCHOOL OF MEDICINE LIBRARY (Ndola)I68.95jRC 76 MacM6UAVAILABLEWSep 17, 2015y903164ZMedical Library Open Access Collection aMEDICAL LIBRARY OPEN ACCESSe902589FCBU-SCHOOL OF MEDICINE LIBRARY (Ndola)I68.95jRC 76 MacM5UAVAILABLEWFeb 13, 2015y902589ZMedical Library Open Access Collection aMEDICAL LIBRARY OPEN ACCESSe902586FCBU-SCHOOL OF MEDICINE LIBRARY (Ndola)I68.95jRC 76 MacM2UAVAILABLEWFeb 13, 2015y902586ZMedical Library Open Access Collection aMEDICAL LIBRARY OPEN ACCESSe902587FCBU-SCHOOL OF MEDICINE LIBRARY (Ndola)I68.95jRC 76 MacM3UOUTWFeb 13, 2015y902587ZMedical Library Open Access Collection aMEDICAL LIBRARY OPEN ACCESSe902585FCBU-SCHOOL OF MEDICINE LIBRARY (Ndola)I68.95jRC 76 MacM1UOUTWFeb 13, 2015y902585ZMedical Library Open Access Collection aMICHAEL CHILUFYA SATA OPEN ACCESSe902588FCBU-SCHOOL OF MEDICINE LIBRARY (Ndola)I68.95jRC 76 MacM4UAVAILABLEWFeb 13, 2015y902588ZMedical Library Open Access Collection c77387d77387